<?xml version="1.0" encoding="UTF-8"?><marc:collection xmlns:marc="http://www.loc.gov/MARC21/slim">
  <marc:record>
    <marc:leader>04496nas a2200781 c 4500</marc:leader>
    <marc:controlfield tag="001">010000704</marc:controlfield>
    <marc:controlfield tag="003">DE-101</marc:controlfield>
    <marc:controlfield tag="005">20250709212819.0</marc:controlfield>
    <marc:controlfield tag="006">sq</marc:controlfield>
    <marc:controlfield tag="007">tu</marc:controlfield>
    <marc:controlfield tag="008">991118c19379999au b||p|  ||| 0||||1ger c</marc:controlfield>
    <marc:datafield tag="016" ind1="7" ind2=" ">
      <marc:subfield code="2">DE-600</marc:subfield>
      <marc:subfield code="a">89-9</marc:subfield>
    </marc:datafield>
    <marc:datafield tag="016" ind1="7" ind2=" ">
      <marc:subfield code="2">DE-101</marc:subfield>
      <marc:subfield code="a">010000704</marc:subfield>
    </marc:datafield>
    <marc:datafield tag="022" ind1=" " ind2=" ">
      <marc:subfield code="a">0026-3672</marc:subfield>
    </marc:datafield>
    <marc:datafield tag="030" ind1=" " ind2=" ">
      <marc:subfield code="a">MIACA</marc:subfield>
    </marc:datafield>
    <marc:datafield tag="030" ind1=" " ind2=" ">
      <marc:subfield code="a">MKIAA</marc:subfield>
    </marc:datafield>
    <marc:datafield tag="030" ind1=" " ind2=" ">
      <marc:subfield code="a">MIACAQ</marc:subfield>
    </marc:datafield>
    <marc:datafield tag="035" ind1=" " ind2=" ">
      <marc:subfield code="a">(DE-599)ZDB89-9</marc:subfield>
    </marc:datafield>
    <marc:datafield tag="035" ind1=" " ind2=" ">
      <marc:subfield code="a">(OCoLC)1367297104</marc:subfield>
    </marc:datafield>
    <marc:datafield tag="040" ind1=" " ind2=" ">
      <marc:subfield code="a">9001</marc:subfield>
      <marc:subfield code="b">ger</marc:subfield>
      <marc:subfield code="c">DE-101</marc:subfield>
      <marc:subfield code="d">9999</marc:subfield>
    </marc:datafield>
    <marc:datafield tag="041" ind1=" " ind2=" ">
      <marc:subfield code="a">ger</marc:subfield>
      <marc:subfield code="a">eng</marc:subfield>
    </marc:datafield>
    <marc:datafield tag="042" ind1=" " ind2=" ">
      <marc:subfield code="a">zdb</marc:subfield>
    </marc:datafield>
    <marc:datafield tag="044" ind1=" " ind2=" ">
      <marc:subfield code="c">XA-AT</marc:subfield>
    </marc:datafield>
    <marc:datafield tag="082" ind1="7" ind2="4">
      <marc:subfield code="a">540</marc:subfield>
      <marc:subfield code="q">DE-600</marc:subfield>
      <marc:subfield code="2">22sdnb</marc:subfield>
    </marc:datafield>
    <marc:datafield tag="210" ind1="0" ind2="0">
      <marc:subfield code="a">Mikrochim. Acta</marc:subfield>
    </marc:datafield>
    <marc:datafield tag="210" ind1="0" ind2="0">
      <marc:subfield code="a">MIKROCHIM ICHNOANAL ACTA</marc:subfield>
    </marc:datafield>
    <marc:datafield tag="210" ind1="0" ind2="0">
      <marc:subfield code="a">MIKROCHIM. ACTA (VIENNA)</marc:subfield>
    </marc:datafield>
    <marc:datafield tag="245" ind1="0" ind2="0">
      <marc:subfield code="a">Microchimica acta ...</marc:subfield>
      <marc:subfield code="b">analytical sciences based on micro- and nanomaterials</marc:subfield>
    </marc:datafield>
    <marc:datafield tag="246" ind1="1" ind2="0">
      <marc:subfield code="a">micromaterials microchemistry</marc:subfield>
    </marc:datafield>
    <marc:datafield tag="247" ind1="0" ind2="0">
      <marc:subfield code="a">List of microchemical publications</marc:subfield>
      <marc:subfield code="f">Hauptsacht. 1953,5/6</marc:subfield>
    </marc:datafield>
    <marc:datafield tag="247" ind1="0" ind2="0">
      <marc:subfield code="a">Mikrochimica et ichnoanalytica acta</marc:subfield>
      <marc:subfield code="f">Hauptsacht. 1963 - 1965</marc:subfield>
    </marc:datafield>
    <marc:datafield tag="247" ind1="0" ind2="0">
      <marc:subfield code="a">Mikrochimica acta</marc:subfield>
      <marc:subfield code="f">Hauptsacht. bis 139.2002</marc:subfield>
    </marc:datafield>
    <marc:datafield tag="247" ind1="0" ind2="0">
      <marc:subfield code="a">&#152;an&#156; international journal on micro and trace analysis</marc:subfield>
      <marc:subfield code="f">Zusatz anfangs</marc:subfield>
    </marc:datafield>
    <marc:datafield tag="247" ind1="0" ind2="0">
      <marc:subfield code="a">&#152;an&#156; international journal on analytical micro- and nanochemistry</marc:subfield>
      <marc:subfield code="f">Zusatz früher</marc:subfield>
    </marc:datafield>
    <marc:datafield tag="264" ind1="3" ind2="1">
      <marc:subfield code="a">Wien [u.a.]</marc:subfield>
      <marc:subfield code="b">Springer</marc:subfield>
      <marc:subfield code="c">1937-</marc:subfield>
    </marc:datafield>
    <marc:datafield tag="336" ind1=" " ind2=" ">
      <marc:subfield code="a">Text</marc:subfield>
      <marc:subfield code="b">txt</marc:subfield>
      <marc:subfield code="2">rdacontent</marc:subfield>
    </marc:datafield>
    <marc:datafield tag="337" ind1=" " ind2=" ">
      <marc:subfield code="a">ohne Hilfsmittel zu benutzen</marc:subfield>
      <marc:subfield code="b">n</marc:subfield>
      <marc:subfield code="2">rdamedia</marc:subfield>
    </marc:datafield>
    <marc:datafield tag="338" ind1=" " ind2=" ">
      <marc:subfield code="a">Band</marc:subfield>
      <marc:subfield code="b">nc</marc:subfield>
      <marc:subfield code="2">rdacarrier</marc:subfield>
    </marc:datafield>
    <marc:datafield tag="362" ind1="0" ind2=" ">
      <marc:subfield code="a">1.1937,Apr. - 3.1938,Juli; 1953,Juli - 1991; 106.1992 -</marc:subfield>
    </marc:datafield>
    <marc:datafield tag="363" ind1="0" ind2="0">
      <marc:subfield code="8">1.1\x</marc:subfield>
      <marc:subfield code="a">1</marc:subfield>
      <marc:subfield code="i">1937</marc:subfield>
    </marc:datafield>
    <marc:datafield tag="363" ind1="1" ind2="0">
      <marc:subfield code="8">1.2\x</marc:subfield>
      <marc:subfield code="a">3</marc:subfield>
      <marc:subfield code="i">1938</marc:subfield>
    </marc:datafield>
    <marc:datafield tag="363" ind1="0" ind2="0">
      <marc:subfield code="8">2.1\x</marc:subfield>
      <marc:subfield code="i">1953</marc:subfield>
    </marc:datafield>
    <marc:datafield tag="363" ind1="1" ind2="0">
      <marc:subfield code="8">2.2\x</marc:subfield>
      <marc:subfield code="i">1991</marc:subfield>
    </marc:datafield>
    <marc:datafield tag="363" ind1="0" ind2="1">
      <marc:subfield code="8">3.1\x</marc:subfield>
      <marc:subfield code="a">106</marc:subfield>
      <marc:subfield code="i">1992</marc:subfield>
    </marc:datafield>
    <marc:datafield tag="500" ind1=" " ind2=" ">
      <marc:subfield code="a">Zusatz wechselt</marc:subfield>
    </marc:datafield>
    <marc:datafield tag="650" ind1=" " ind2="7">
      <marc:subfield code="0">(DE-588)4056593-2</marc:subfield>
      <marc:subfield code="0">https://d-nb.info/gnd/4056593-2</marc:subfield>
      <marc:subfield code="0">(DE-101)040565939</marc:subfield>
      <marc:subfield code="a">Spurenanalyse</marc:subfield>
      <marc:subfield code="9">rswk-swf</marc:subfield>
      <marc:subfield code="2">gnd</marc:subfield>
    </marc:datafield>
    <marc:datafield tag="650" ind1=" " ind2="7">
      <marc:subfield code="0">(DE-588)4169804-6</marc:subfield>
      <marc:subfield code="0">https://d-nb.info/gnd/4169804-6</marc:subfield>
      <marc:subfield code="0">(DE-101)041698045</marc:subfield>
      <marc:subfield code="a">Mikroanalyse</marc:subfield>
      <marc:subfield code="9">rswk-swf</marc:subfield>
      <marc:subfield code="2">gnd</marc:subfield>
    </marc:datafield>
    <marc:datafield tag="650" ind1=" " ind2="7">
      <marc:subfield code="0">(DE-588)4169809-5</marc:subfield>
      <marc:subfield code="0">https://d-nb.info/gnd/4169809-5</marc:subfield>
      <marc:subfield code="0">(DE-101)041698096</marc:subfield>
      <marc:subfield code="a">Mikrochemie</marc:subfield>
      <marc:subfield code="9">rswk-swf</marc:subfield>
      <marc:subfield code="2">gnd</marc:subfield>
    </marc:datafield>
    <marc:datafield tag="655" ind1=" " ind2="7">
      <marc:subfield code="0">(DE-588)4067488-5</marc:subfield>
      <marc:subfield code="0">https://d-nb.info/gnd/4067488-5</marc:subfield>
      <marc:subfield code="0">(DE-101)040674886</marc:subfield>
      <marc:subfield code="a">Zeitschrift</marc:subfield>
      <marc:subfield code="2">gnd-content</marc:subfield>
    </marc:datafield>
    <marc:datafield tag="655" ind1=" " ind2="7">
      <marc:subfield code="a">Zeitschrift</marc:subfield>
      <marc:subfield code="9">rswk-swf</marc:subfield>
      <marc:subfield code="2">gnd</marc:subfield>
    </marc:datafield>
    <marc:datafield tag="689" ind1="0" ind2="0">
      <marc:subfield code="0">(DE-588)4056593-2</marc:subfield>
      <marc:subfield code="0">https://d-nb.info/gnd/4056593-2</marc:subfield>
      <marc:subfield code="0">(DE-101)040565939</marc:subfield>
      <marc:subfield code="D">s</marc:subfield>
      <marc:subfield code="a">Spurenanalyse</marc:subfield>
    </marc:datafield>
    <marc:datafield tag="689" ind1="0" ind2=" ">
      <marc:subfield code="5">DE-600</marc:subfield>
      <marc:subfield code="5">DE-600</marc:subfield>
    </marc:datafield>
    <marc:datafield tag="689" ind1="1" ind2="0">
      <marc:subfield code="0">(DE-588)4169804-6</marc:subfield>
      <marc:subfield code="0">https://d-nb.info/gnd/4169804-6</marc:subfield>
      <marc:subfield code="0">(DE-101)041698045</marc:subfield>
      <marc:subfield code="D">s</marc:subfield>
      <marc:subfield code="a">Mikroanalyse</marc:subfield>
    </marc:datafield>
    <marc:datafield tag="689" ind1="1" ind2=" ">
      <marc:subfield code="5">DE-600</marc:subfield>
      <marc:subfield code="5">DE-600</marc:subfield>
    </marc:datafield>
    <marc:datafield tag="689" ind1="2" ind2="0">
      <marc:subfield code="0">(DE-588)4169809-5</marc:subfield>
      <marc:subfield code="0">https://d-nb.info/gnd/4169809-5</marc:subfield>
      <marc:subfield code="0">(DE-101)041698096</marc:subfield>
      <marc:subfield code="D">s</marc:subfield>
      <marc:subfield code="a">Mikrochemie</marc:subfield>
    </marc:datafield>
    <marc:datafield tag="689" ind1="2" ind2="1">
      <marc:subfield code="A">f</marc:subfield>
      <marc:subfield code="a">Zeitschrift</marc:subfield>
    </marc:datafield>
    <marc:datafield tag="689" ind1="2" ind2=" ">
      <marc:subfield code="5">DE-600</marc:subfield>
      <marc:subfield code="5">DE-600</marc:subfield>
    </marc:datafield>
    <marc:datafield tag="776" ind1="0" ind2="8">
      <marc:subfield code="i">Erscheint auch als</marc:subfield>
      <marc:subfield code="n">Online-Ausgabe</marc:subfield>
      <marc:subfield code="t">Microchimica acta</marc:subfield>
      <marc:subfield code="d">Wien [u.a.] : Springer, 1937-</marc:subfield>
      <marc:subfield code="h">Online-Ressource</marc:subfield>
      <marc:subfield code="x">1436-5073</marc:subfield>
      <marc:subfield code="w">(DE-600)1462152-6</marc:subfield>
      <marc:subfield code="w">(DE-101)019555008</marc:subfield>
    </marc:datafield>
    <marc:datafield tag="785" ind1="0" ind2="8">
      <marc:subfield code="i">1938,Dez. - 1953,Mai</marc:subfield>
      <marc:subfield code="t">Mikrochemie vereinigt mit Mikrochimica acta</marc:subfield>
      <marc:subfield code="d">Wien : Springer, 1938-1953</marc:subfield>
      <marc:subfield code="w">(DE-600)626314-8</marc:subfield>
      <marc:subfield code="w">(DE-101)013621645</marc:subfield>
    </marc:datafield>
    <marc:datafield tag="787" ind1="0" ind2="8">
      <marc:subfield code="i">1965,3=1 von</marc:subfield>
      <marc:subfield code="a">Kolloquium über Metallkundliche Analyse mit Besonderer Berücksichtigung der Elektronenstrahl-Mikroanalyse</marc:subfield>
      <marc:subfield code="t">Kolloquium über Metallkundliche Analyse mit Besonderer Berücksichtigung der Elektronenstrahl-Mikroanalyse</marc:subfield>
      <marc:subfield code="d">Wien [u.a.] : Springer, 1965-1975</marc:subfield>
      <marc:subfield code="w">(DE-600)577163-8</marc:subfield>
      <marc:subfield code="w">(DE-101)013263919</marc:subfield>
    </marc:datafield>
    <marc:datafield tag="787" ind1="0" ind2="8">
      <marc:subfield code="i">1981,5/6=10</marc:subfield>
      <marc:subfield code="a">Kolloquium über Metallkundliche Analyse</marc:subfield>
      <marc:subfield code="t">Kolloquium über Metallkundliche Analyse</marc:subfield>
      <marc:subfield code="d">Wien [u.a.] : Springer, 1979-1981</marc:subfield>
      <marc:subfield code="w">(DE-600)145917-X</marc:subfield>
      <marc:subfield code="w">(DE-101)010862463</marc:subfield>
    </marc:datafield>
    <marc:datafield tag="787" ind1="0" ind2="8">
      <marc:subfield code="i">1955,2/3=5 von</marc:subfield>
      <marc:subfield code="a">Colloquium Spectroscopicum Internationale</marc:subfield>
      <marc:subfield code="t">Bericht über das ... Internationale Kolloquium für Spektroskopie ... und seine wissenschaftlichen Ergebnisse</marc:subfield>
      <marc:subfield code="d">Wien [u.a.] : Springer, 1955-1955</marc:subfield>
      <marc:subfield code="w">(DE-600)1110423-5</marc:subfield>
      <marc:subfield code="w">(DE-101)016401727</marc:subfield>
    </marc:datafield>
    <marc:datafield tag="787" ind1="0" ind2="8">
      <marc:subfield code="i">1987,1=13 von</marc:subfield>
      <marc:subfield code="a">Colloquium on Metallurgical Analysis</marc:subfield>
      <marc:subfield code="t">Proceedings of the ... Colloquium on Metallurgical Analysis</marc:subfield>
      <marc:subfield code="d">Wien [u.a.] : Springer, 1983-1987</marc:subfield>
      <marc:subfield code="w">(DE-600)1024544-3</marc:subfield>
      <marc:subfield code="w">(DE-101)015571971</marc:subfield>
    </marc:datafield>
    <marc:datafield tag="787" ind1="0" ind2="8">
      <marc:subfield code="i">1987,1=3 von</marc:subfield>
      <marc:subfield code="t">Progress in materials analysis</marc:subfield>
      <marc:subfield code="d">Wien ; New York : Springer-Verlag, 1983-</marc:subfield>
      <marc:subfield code="w">(DE-600)593342-0</marc:subfield>
      <marc:subfield code="w">(DE-101)013385666</marc:subfield>
    </marc:datafield>
    <marc:datafield tag="787" ind1="0" ind2="8">
      <marc:subfield code="t">1987,3=6; 1988,2=6 von "Fourir transform spectroscopy"</marc:subfield>
    </marc:datafield>
    <marc:datafield tag="787" ind1="0" ind2="8">
      <marc:subfield code="i">114/115=3; 132,2/4=6; 155,1/2=9 von</marc:subfield>
      <marc:subfield code="a">European Microbeam Analysis Society</marc:subfield>
      <marc:subfield code="t">Proceedings of the ... workshop of the European Microbeam Analysis Society (EMAS)</marc:subfield>
      <marc:subfield code="d">Wien [u.a.] : Springer, 1994-</marc:subfield>
      <marc:subfield code="w">(DE-600)1198155-6</marc:subfield>
      <marc:subfield code="w">(DE-101)017251990</marc:subfield>
    </marc:datafield>
    <marc:datafield tag="787" ind1="0" ind2="8">
      <marc:subfield code="i">1956,1/6=1955 von</marc:subfield>
      <marc:subfield code="a">Mikrochemie-Tagung</marc:subfield>
      <marc:subfield code="t">Offizieller Bericht über die Mikrochemie-Tagung</marc:subfield>
      <marc:subfield code="d">Wien : Springer, 1956-1956</marc:subfield>
      <marc:subfield code="w">(DE-600)1098982-1</marc:subfield>
      <marc:subfield code="w">(DE-101)016292529</marc:subfield>
    </marc:datafield>
    <marc:datafield tag="850" ind1=" " ind2=" ">
      <marc:subfield code="a">DE-101a</marc:subfield>
      <marc:subfield code="a">DE-101b</marc:subfield>
    </marc:datafield>
  </marc:record>
</marc:collection>
